书目信息 |
| 题名: |
林徽因诗选
|
|
| 作者: | 林徽因 著 ;凌翔 主编 | |
| 分册: | ||
| 出版信息: | 北京 民主与建设出版社有限责任公司 2019 |
|
| 页数: | 310页 | |
| 开本: | 21cm | |
| 丛书名: | ||
| 单 册: | ||
| 中图分类: | I226.1 | |
| 科图分类: | ||
| 主题词: | 新诗--诗集--中国--现代 | |
| 电子资源: | ||
| ISBN: | 978-7-5139-2407-8 | |
| 000 | 00705nam0 2200241 450 | |
| 001 | 2366829160 | |
| 005 | 20231016183404.94 | |
| 010 | @a978-7-5139-2407-8@dCNY48.00 | |
| 100 | @a20191014d2019 em y0chiy50 ea | |
| 101 | 0 | @achi |
| 102 | @aCN@b110000 | |
| 105 | @ay z 000gy | |
| 200 | 1 | @a林徽因诗选@Alin hui yin shi xuan@f林徽因著 |
| 210 | @a北京@c民主与建设出版社有限责任公司@d2019 | |
| 215 | @a310页@d21cm | |
| 300 | @a名家名作·诗文经典 | |
| 314 | @a版权页题:凌翔主编 | |
| 606 | 0 | @a新诗@x诗集@y中国@z现代 |
| 690 | @aI226.1@v5 | |
| 701 | 0 | @a林徽因@Alin hui yin@4著 |
| 702 | 0 | @a凌翔@Aling xiang@4主编 |
| 801 | 0 | @aCN@b大连网信软件有限公司图书馆·11@c20231016 |
| 905 | @aZUCC@dI226.1@e12 | |
| 林徽因诗选/林徽因著.-北京:民主与建设出版社有限责任公司,2019 |
| 310页;21cm |
| 名家名作·诗文经典 |
| ISBN 978-7-5139-2407-8:CNY48.00 |
| ● |
| 相关链接 |
|
|
|
正题名:林徽因诗选
索取号:I226.1/12
 
预约/预借
| 序号 | 登录号 | 条形码 | 馆藏地/架位号 | 状态 | 备注 |
| 1 | 2001026229 | 2001026229 | 第四书库/四12架A面7层2列/ [索取号:I226.1/12] | 在馆 | |
| 2 | 2001026230 | 2001026230 | 第四书库/四12架A面7层2列/ [索取号:I226.1/12] | 在馆 | |
| 3 | 2001026231 | 2001026231 | 第四书库/四12架A面7层2列/ [索取号:I226.1/12] | 在馆 | |
| 4 | 2001026232 | 2001026232 | 第四书库/四12架A面7层2列/ [索取号:I226.1/12] | 在馆 | |
| 5 | 2001026233 | 2001026233 | 第四书库/四12架A面7层2列/ [索取号:I226.1/12] | 在馆 | |
| 6 | 2001026234 | 2001026234 | 第四书库/四12架A面7层2列/ [索取号:I226.1/12] | 在馆 |